Convenio Simón Rodriguez de Integración Laboral del Grupo Andino: disposiciones orgánico funcionales de los Ministerios de Trabajo de los Países miembros del acuerdo de Cartagena

Gespeichert in:
Bibliographische Detailangaben
Körperschaft: Ecuador. Ministerio de Salud Pública
Format: Text
Veröffentlicht: Quito: Secretaría de Coordinación
Tags: Tag hinzufügen
Keine Tags, Fügen Sie den ersten Tag hinzu!

MARC

LEADER 00000 a a2200000 04500
001 25285
003
040 |a CRAI/IIS  |c CRAI/IIS 
090 |a 180900  
110 |a Ecuador. Ministerio de Salud Pública  
245 |a Convenio Simón Rodriguez de Integración Laboral del Grupo Andino: disposiciones orgánico funcionales de los Ministerios de Trabajo de los Países miembros del acuerdo de Cartagena  
260 |a Quito:   |b Secretaría de Coordinación  
300 |a 155 p  
999 |c 17105  |d 17105